Frutas y hortalizas mínimamente procesadas y refrigeradas /

Contenido: Introducción a las frutas y hortalizas refrigeradas mínimamente procesadas; Preparación inicial, manipulación y distribución de frutas y hortalizas mínimamente procesadas; Métodos de conservación de las frutas y hortalizas mínimamente procesadas y refrigeradas; Envasado de frutas y hortal...

Descrición completa

Gardado en:
Detalles Bibliográficos
Autor Principal: Wiley, Robert C. (ed.)
Formato: Libro
Idioma:Lingua castelá
Publicado: Zaragoza, España : Acribia, 1997, c1997
Temas:
Etiquetas: Engadir etiqueta
Sen Etiquetas, Sexa o primeiro en etiquetar este rexistro!

MARC

LEADER 00000nam^a2200000^a^4500
001 000184645
005 20250521000000.0
009 20260310102123.31
020 |a 84-200-0831-1 
037 |a Acervo ITESO - Biblioteca 
041 |a ESP 
082 |a 664. 85  |b WIL 
100 |a Wiley, Robert C.  |e (ed.) 
245 1 0 |a Frutas y hortalizas mínimamente procesadas y refrigeradas /  |c Ed. de R.C. Wiley ; tr. por José Fernández-Salguero Carretero. 
264 4 |a Zaragoza, España :  |b Acribia,  |c 1997, c1997 
300 |a XI, 362 p. 
336 |a texto  |b txt  |2 rdacontenido 
337 |a sin mediación  |b n  |2 rdamedio 
338 |a volumen  |b nc  |2 rdasoporte 
500 |a Traducción de: Minimally Processed Refrigerated Fruits and Vegetables 
520 |a Contenido: Introducción a las frutas y hortalizas refrigeradas mínimamente procesadas; Preparación inicial, manipulación y distribución de frutas y hortalizas mínimamente procesadas; Métodos de conservación de las frutas y hortalizas mínimamente procesadas y refrigeradas; Envasado de frutas y hortalizas mínimamente procesadas; Principios físicos y biológicos del envasado en atmósferas modificadas; Cambios biológicos y bioquímicos en frutas y hortalizas refrigeradas mínimamente procesadas; Alteración microbiológica y microorganismos patógenos frutas y hortalizas refrigeradas mínimamente procesadas; Calidad nutritiva de frutas y hortalizas sometidas a procesos mínimos; Reglamentaciones relativas a los alimentos refrigeradas mínimamente procesadas. 
649 |a XX 
650 |a Frutas -  |x Conservación 
650 |a Verduras y Legumbres -  |x Conservación 
650 |a Refrigeración 
650 |a Alimentos y Bebidas -  |x Composición 
650 |a Microbiología de Alimentos 
650 |a Industria Alimenticia 
650 |a Tecnología de Alimentos 
910 |a Fondo General 
920 |a Impresos - Libros 
930 |a Colección General 
905 |a 101 
901 |a 0500125713  |b IT1  |c ACC  |u 20250521 
902 |a https://opac.biblio.iteso.mx/vufind/Record/000184645